Prednáškový cyklus slovenskej inžinierky z Google v Bratislave

Salvato in:
Dettagli Bibliografici
Autore principale: Miklošík, Andrej
Natura: Capitolo di libro
Lingua:slovacco
Soggetti:
Tags: Aggiungi Tag
Nessun Tag, puoi essere il primo ad aggiungerne!!

MARC

LEADER 00000nla$a2200000$$$4500
001 0126861
005 20240502072439.3
041 0 |a slo 
044 |a SK 
245 1 0 |a Prednáškový cyklus slovenskej inžinierky z Google v Bratislave  |c Andrej Miklošík 
610 2 0 |a internet 
610 2 0 |a technológie informačné 
610 2 0 |a technológie komunikačné 
610 2 0 |a marketing 
100 1 |a Miklošík, Andrej